000 00975nac a22003017a 4500
001 BR8107490
003 BR-BrBNA
005 20240105115131.0
008 230509b bl.|||m| |||| 00| 0 por d
040 _aBR-BrBNA
_bpor
_cBiblioteca Nacional de Agricultura
072 _aE50; E10; E30
090 _aE50 BR8107490
100 1 _aMueller, C.
110 1 _aFundacao Universidade de Brasilia, DF (Brasil). Depto. de Economia
_95043
245 1 _aO estado e a expansao recente da fronteira agricola na Amazonia brasileira
260 3 _aBrasilia, DF (Brasil):
_c1981.
300 _a69 p.
490 _aTexto para Discussao - Fundacao Universidade de Brasilia. Depto. de Economia (Brazil)
_vno. 85
_x
500 _a32 ref.
650 _aTERRA
650 _aUSO DA TERRA
650 _aEXPLORACAO AGRICOLA
650 _aPOLITICA AGRICOLA
650 _aCOLONIZACAO
650 _aAMAZONIA
909 _a202312
_bLúcia Elande
_c55
_dLúcia Elande
942 _2AGRIS
_n0
_cMS
999 _c273249
_d273249